The law of succession / (Record no. 461)

MARC details
000 -LEADER
fixed length control field 01184nam a2200337 a 4500
001 - CONTROL NUMBER
control field 1974708
003 - CONTROL NUMBER IDENTIFIER
control field OSt
005 - DATE AND TIME OF LATEST TRANSACTION
control field 20150710093851.0
008 - FIXED-LENGTH DATA ELEMENTS--GENERAL INFORMATION
fixed length control field 890522s1988 enk b 001 0 eng
010 ## - LIBRARY OF CONGRESS CONTROL NUMBER
LC control number 88208279
020 ## - INTERNATIONAL STANDARD BOOK NUMBER
International Standard Book Number 0421359803 :
Terms of availability £35.00
020 ## - INTERNATIONAL STANDARD BOOK NUMBER
International Standard Book Number 0421359900 (pbk.)
040 ## - CATALOGING SOURCE
Original cataloging agency DLC
Transcribing agency DLC
Modifying agency DLC
043 ## - GEOGRAPHIC AREA CODE
Geographic area code e-uk---
050 00 - LIBRARY OF CONGRESS CALL NUMBER
Classification number KD1500
Item number .P37 1988
082 00 - DEWEY DECIMAL CLASSIFICATION NUMBER
Classification number 346.05 CLA
Edition number 19
100 1# - MAIN ENTRY--PERSONAL NAME
Personal name Clark, J. B.
Titles and other words associated with a name Sir,
Dates associated with a name 1893-1973.
9 (RLIN) 1364
245 10 - TITLE STATEMENT
Title The law of succession /
Statement of responsibility, etc J. B. Clark
250 ## - EDITION STATEMENT
Edition statement 9th ed. /
Remainder of edition statement by J.B. Clark.
260 ## - PUBLICATION, DISTRIBUTION, ETC. (IMPRINT)
Place of publication, distribution, etc London :
Name of publisher, distributor, etc Sweet & Maxwell,
Date of publication, distribution, etc 1988.
300 ## - PHYSICAL DESCRIPTION
Extent lxxix, 506 p. ;
Dimensions 24 cm.
500 ## - GENERAL NOTE
General note Rev. of ed.: Parry and Clark on the law of succession. 7th ed. 1977.
504 ## - BIBLIOGRAPHY, ETC. NOTE
Bibliography, etc Includes bibliographical references and index.
650 #0 - SUBJECT ADDED ENTRY--TOPICAL TERM
Topical term or geographic name as entry element Inheritance and succession
Geographic subdivision Great Britain.
9 (RLIN) 1365
650 #0 - SUBJECT ADDED ENTRY--TOPICAL TERM
Topical term or geographic name as entry element Executors and administrators
Geographic subdivision Great Britain.
9 (RLIN) 1366
700 1# - ADDED ENTRY--PERSONAL NAME
Personal name Clark, J. B.
Fuller form of name (John Bryan),
Dates associated with a name 1926-
9 (RLIN) 1367
700 1# - ADDED ENTRY--PERSONAL NAME
Personal name Parry, David Hughes,
Titles and other words associated with a name Sir,
Dates associated with a name 1893-1973.
Title of a work Parry and Clark on the law of succession.
9 (RLIN) 1368
740 0# - ADDED ENTRY--UNCONTROLLED RELATED/ANALYTICAL TITLE
Uncontrolled related/analytical title Law of succession.
906 ## - LOCAL DATA ELEMENT F, LDF (RLIN)
a 7
b cbc
c orignew
d 2
e ncip
f 19
g y-gencatlg
942 ## - ADDED ENTRY ELEMENTS (KOHA)
Source of classification or shelving scheme Dewey Decimal Classification
Koha item type Books
Holdings
Withdrawn status Lost status Source of classification or shelving scheme Damaged status Not for loan Home library Current library Shelving location Date acquired Total Checkouts Full call number Barcode Date last seen Price effective from Koha item type
    Dewey Decimal Classification     Law Development Centre Main Library Law Development Centre Main Library Text Books and Laws 04/20/2011   346.052 CLA 2011/2376 04/20/2011 04/20/2011 Books